''Inside Of Me'' Star Fox Mandopony Quiz Stats

Quiz not verified by Sporcle

Challenge
Share
Tweet
Embed
Score 0/297 Timer 10:00
0 Plays Today
Answer % Correct
The
100%
The
100%
The
100%
The
100%
The
100%
The
100%
The
100%
The
100%
The
100%
The
100%
The
100%
The
100%
The
100%
The
100%
The
100%
The
100%
The
100%
The
100%
The
100%
In
91.7%
My
91.7%
And
91.7%
And
91.7%
My
91.7%
In
91.7%
In
91.7%
In
91.7%
In
91.7%
Me
91.7%
Me?
91.7%
My
91.7%
My
91.7%
And
91.7%
My
91.7%
And
91.7%
My
91.7%
Me?
91.7%
In
91.7%
And
91.7%
And
91.7%
Me
91.7%
In
91.7%
Me
91.7%
And
91.7%
In
91.7%
Me
91.7%
And
91.7%
Me
91.7%
Holding
83.3%
On
83.3%
To
83.3%
Memory
83.3%
Of
83.3%
A
83.3%
Hero
83.3%
Long
83.3%
Ago
83.3%
Your
83.3%
Words
83.3%
Echo
83.3%
Mind
83.3%
But
83.3%
Darkness
83.3%
Won't
83.3%
Let
83.3%
Go
83.3%
You
83.3%
It
83.3%
To
83.3%
Your
83.3%
You
83.3%
Man
83.3%
I
83.3%
On
83.3%
How
83.3%
Can
83.3%
I
83.3%
Win?
83.3%
You
83.3%
You
83.3%
A
83.3%
I
83.3%
You
83.3%
How
83.3%
Can
83.3%
I
83.3%
Rise
83.3%
Up?
83.3%
How
83.3%
I
83.3%
Compare?
83.3%
To
83.3%
Hero
83.3%
I
83.3%
To
83.3%
Father
83.3%
You
83.3%
On
83.3%
I
83.3%
Answer % Correct
Hero
83.3%
Of
83.3%
I
83.3%
I
83.3%
I
83.3%
I
83.3%
To
83.3%
Up
83.3%
To
83.3%
Of
83.3%
Father
83.3%
You
83.3%
You
83.3%
You
83.3%
I
83.3%
Rise
83.3%
Up
83.3%
I
83.3%
To
83.3%
I
83.3%
To
83.3%
Hero
83.3%
Of
83.3%
I
83.3%
You
83.3%
Your
83.3%
Memory
83.3%
To
83.3%
I
83.3%
Up!
83.3%
I
83.3%
I
83.3%
To
83.3%
I
83.3%
You
83.3%
On
83.3%
I
83.3%
Hero
83.3%
Of
83.3%
Gave
75%
All
75%
Save
75%
Son
75%
Place
75%
We
75%
Called
75%
Home
75%
Were
75%
Strongest
75%
Never
75%
Knew
75%
Now
75%
I'm
75%
Own
75%
Are
75%
Creeping
75%
Lylat
75%
If
75%
Only
75%
Were
75%
Here
75%
Betrayed
75%
End
75%
By
75%
One
75%
Called
75%
Friend
75%
If
75%
Only
75%
Could
75%
See
75%
Once
75%
Again
75%
Could
75%
That
75%
Need
75%
Be?
75%
Who
75%
Was
75%
Never
75%
There
75%
They
75%
Say
75%
Live
75%
Then
75%
Why
75%
Can't
75%
See?
75%
That's
75%
Inside
75%
No
75%
Is
75%
Only
75%
Will
75%
Will
75%
Give
75%
All
75%
Save
75%
Live
75%
Answer % Correct
Could
75%
Be
75%
End
75%
Is
75%
Start
75%
Are
75%
There?
75%
Stars
75%
Are
75%
Now
75%
Will
75%
Through
75%
Air
75%
I'm
75%
Becoming
75%
Who
75%
Need
75%
Be
75%
Know
75%
You're
75%
Always
75%
There
75%
I'm
75%
Starting
75%
See
75%
That's
75%
Inside
75%
Though
75%
Know
75%
I'll
75%
Only
75%
See
75%
Dreams
75%
You'll
75%
Never
75%
Know
75%
Just
75%
What
75%
Means
75%
Will
75%
Not
75%
Give
75%
Will
75%
Through
75%
Air
75%
I'm
75%
Becoming
75%
Who
75%
Need
75%
Be
75%
Know
75%
You're
75%
Always
75%
There!
75%
They
75%
Say
75%
Live
75%
Finally
75%
See
75%
That
75%
Inside
75%
Doubts
66.7%
I've
66.7%
Got
66.7%
Other
66.7%
Choice
66.7%
This
66.7%
Destiny
66.7%
Make
66.7%
Them
66.7%
Pay
66.7%
For
66.7%
Ripping
66.7%
Apart
66.7%
Family
66.7%
Don't
66.7%
Care
66.7%
About
66.7%
Prize
66.7%
Don't
66.7%
Care
66.7%
About
66.7%
Fame
66.7%
This
66.7%
World
66.7%
Name
66.7%
This
66.7%
Or
66.7%
This
66.7%
Brand
66.7%
New
66.7%
Somewhere
66.7%
This
66.7%
One's
66.7%
For
66.7%
Where
66.7%
Ever
66.7%
Soar
66.7%
Soar
66.7%

You're not logged in!

Compare scores with friends on all Sporcle quizzes.
Join for Free
OR
Log In

You Might Also Like...

Show Comments

Extras

Top Quizzes Today


Score Distribution

Your Account Isn't Verified!

In order to create a playlist on Sporcle, you need to verify the email address you used during registration. Go to your Sporcle Settings to finish the process.

Report this User

Report this user for behavior that violates our Community Guidelines.

Details: